| 000 | 00350nam a2200145Ia 4500 | ||
|---|---|---|---|
| 008 | 150201s2008 xx 000 0 und d | ||
| 082 |
_a617.632 _bC2008P |
||
| 100 | _aPANDIT,NYMPHEA | ||
| 245 | _aCONCISE PERIODONTICS | ||
| 250 | _a1ST | ||
| 260 |
_bARYA PUBLICATION _aDELHI _c2008 |
||
| 300 | _a1-270 | ||
| 650 | _aPERIODONTICS | ||
| 942 |
_2ddc _cBK _02 |
||
| 999 |
_c3863 _d3863 |
||